Compendio de ciencia en Galapagos / (Registro nro. 8282)

Detalles MARC
000 -CABECERA
Campo de control 01045nam a22002657a 4500
005 - FECHA Y HORA DE LA ULTIMA TRANSACCION
Campo de control 20140312105912.0
008 - ELEMENTOS DE LONGITUD FIJA—INFORMACION GENERAL
Campo de control 890531s1982 ec a r 00010 spa d
041 0# - IDIOMA
Código de idioma para texto/pista de sonido o título separado Español
044 ## - PAÍS DE PUBLICACIÓN
País de publicación Colombia
082 04 - NUMERO DE CLASIFICACION DECIMAL DEWEY
Número de clasificación 918.695
Número del ítem E77c
110 2# - ASIENTO PRINCIPAL--NOMBRE CORPORATIVO
Nombre corporativo o de jurisdicción como elemento de entrada Estación Científica Charles Darwin
245 00 - MENCION DE TITULO
Título Compendio de ciencia en Galapagos /
Mención de responsabilidad traducciones de Federico Koelle ; Ana María Boda ; revisión final del texto e idioma Juan Black M.
260 ## - PUBLICACION, DISTRIBUCION, ETC. (PIE DE IMPRENTA)
Lugar de publicación, distribución, etc. Ecuador :
Nombre del editor, distribuidor, etc. Estación Científica Charles Darwin
Fecha de publicación, distribución, etc. 1982.
300 ## - DESCRIPCION FISICA
Extensión 353 p. :
Otros detalles físicos il. mapas ;
Dimensiones 28 cm.
504 ## - NOTA DE BIBLIOGRAFIA, ETC.
Nota de bibliografía Incluye bibliografía.
650 ## - ASIENTO SECUNDARIO DE MATERIA - TERMINO TEMATICO
Término temático o nombre geográfico como elemento de entrada Botánica
Subdivisión geográfica Galápagos (Islas,Ecuador)
650 ## - ASIENTO SECUNDARIO DE MATERIA - TERMINO TEMATICO
Término temático o nombre geográfico como elemento de entrada Zoología
Subdivisión geográfica Galápagos (Islas,Ecuador)
651 ## - ASIENTO SECUNDARIO DE MATERIA - NOMBRE GEOGRAFICO
Nombre geográfico Galápagos (Islas,Ecuador)
Subdivisión general Descripción.
651 ## - ASIENTO SECUNDARIO DE MATERIA - NOMBRE GEOGRAFICO
Nombre geográfico Galápagos (Islas,Ecuador)
Subdivisión general Geografía.
700 1# - ASIENTO SECUNDARIO - NOMBRE PERSONAL
Nombre personal Koelle, Federico,
Término de relación tr.
700 1# - ASIENTO SECUNDARIO - NOMBRE PERSONAL
Nombre personal Boda, Ana María,
Término de relación tr.
700 1# - ASIENTO SECUNDARIO - NOMBRE PERSONAL
Nombre personal Black M., Juan.
700 1# - ASIENTO SECUNDARIO - NOMBRE PERSONAL
Nombre personal Ebrerhardt, Ulrike,
Término de relación ed.
942 ## - ELEMENTOS ADICIONALES (KOHA)
Sistema de clasificación Dewey Decimal Classification
Tipo de ítem Impreso
Existencias
Withdrawn status Lost status Sistema de Clasificación Damaged status No para préstamo Colección Inventariado Ubicación Permanente Ubicación actual Fecha de adquisición Fuente de Valor Valor Total Checkouts Número topográfico Inventario / Código de Barras Date last seen Ejemplar Price effective from Forma de adquisición Tipo de material
    Dewey Decimal Classification     General Inventariado 2017 Bogotá Bogotá 12/03/2014 Instituto 50000.00   LB-918.695 E77c 059972 12/03/2014 Ej. 1 12/03/2014   Libro